500 palabras españolas más comunes - Estadísticas

Estadísticas generales
  • Esta prueba ha sido intentada 2.010 veces
  • La puntuación promedio es 134 de 500
Estadísticas de respuestas
Palabra % Correcto
a
99%
e
99%
o
97%
no
95%
si
95%
95%
y
95%
de
91%
el
91%
él
91%
se
91%
91%
es
90%
tu
89%
89%
ha
88%
la
88%
por
88%
me
86%
mi
85%
85%
que
85%
qué
85%
lo
83%
en
82%
te
82%
con
80%
le
80%
ve
79%
ella
78%
para
77%
ti
77%
sin
75%
un
75%
nos
74%
al
73%
está
73%
esta
73%
ellos
72%
las
72%
los
72%
su
72%
yo
72%
como
69%
cómo
69%
uno
68%
has
66%
más
64%
mas
64%
desde
63%
vi
63%
cuando
62%
cuándo
62%
nosotros
62%
va
62%
he
61%
ser
61%
día
60%
esto
60%
una
60%
dos
59%
dónde
58%
donde
58%
tres
58%
hola
57%
porque
57%
bajo
55%
contra
55%
ni
55%
son
55%
ver
55%
ir
54%
sobre
54%
cuatro
53%
cinco
52%
entre
52%
hasta
52%
menos
52%
soy
52%
comer
51%
ah
50%
del
50%
quién
50%
quien
50%
sus
49%
esa
48%
estás
48%
estas
48%
mal
48%
unos
48%
eso
47%
hacia
47%
noche
47%
unas
47%
estar
46%
mis
46%
tus
46%
pero
45%
da
44%
eres
44%
este
44%
éste
44%
mamá
44%
papá
44%
buen
43%
hace
43%
mañana
43%
todo
43%
bien
42%
fue
42%
voy
42%
ay
41%
les
41%
madre
41%
mío
41%
tiene
41%
adiós
40%
padre
40%
somos
40%
bueno
39%
hay
39%
hey
39%
hoy
39%
mucho
39%
ese
38%
tal
38%
han
37%
nada
37%
tengo
37%
vamos
37%
ya
37%
cuál
36%
estos
36%
estoy
36%
nunca
36%
tener
36%
aquí
35%
nuestro
35%
puede
35%
tarde
35%
esas
34%
esos
34%
os
34%
quiero
34%
amo
33%
hijo
33%
siempre
33%
agua
32%
durante
32%
están
32%
poco
32%
toda
32%
todos
32%
vas
32%
dios
31%
tienes
31%
van
31%
ahora
30%
buena
30%
después
30%
días
30%
haber
30%
hacer
30%
hemos
30%
hija
30%
allí
29%
año
29%
antes
29%
coche
29%
había
29%
hora
29%
muy
29%
niño
29%
puedo
29%
tío
29%
vez
29%
ahí
28%
aún
28%
comida
28%
decir
28%
fui
28%
sabe
28%
todas
28%
algún
27%
cuánto
27%
dar
27%
otro
27%
poder
27%
buenos
26%
era
26%
gran
26%
habla
26%
hermano
26%
mano
26%
mujer
26%
quiere
26%
tan
26%
tienen
26%
usted
26%
amigo
25%
amor
25%
dinero
25%
estamos
25%
hombre
25%
mira
25%
salir
25%
tiempo
25%
allá
24%
buenas
24%
dormir
24%
grande
24%
hermana
24%
pasa
24%
venir
24%
ves
24%
alguna
23%
alto
23%
dice
23%
malo
23%
puedes
23%
sólo
23%
solo
23%
algo
22%
digo
22%
luego
22%
muchos
22%
nuestra
22%
pueden
22%
tenemos
22%
algunos
21%
cosa
21%
noches
21%
otra
21%
quieres
21%
trabajo
21%
abajo
20%
arriba
20%
así
20%
cada
20%
cara
20%
entrar
20%
gracias
20%
hago
20%
mejor
20%
muchas
20%
nadie
20%
pequeño
20%
pues
20%
quizá
20%
tanto
20%
veo
20%
aunque
19%
fin
19%
fuera
19%
haces
19%
primer
19%
quieren
19%
cabeza
18%
hablar
18%
hijos
18%
llama
18%
nuestros
18%
otros
18%
podemos
18%
saber
18%
toma
18%
ustedes
18%
vivir
18%
amigos
17%
estaba
17%
estado
17%
hacen
17%
hecho
17%
lugar
17%
ningún
17%
niños
17%
ojos
17%
será
17%
vida
17%
casi
16%
chico
16%
ciudad
16%
dentro
16%
dices
16%
persona
16%
primero
16%
vale
16%
eran
15%
familia
15%
semana
15%
años
14%
chica
14%
conmigo
14%
contigo
14%
cosas
14%
escucha
14%
favor
14%
gente
14%
mundo
14%
nombre
14%
sido
14%
sola
14%
también
14%
tenía
14%
trabajar
14%
viejo
14%
dime
13%
juego
13%
ninguna
13%
nuevo
13%
sabes
13%
alguien
12%
auto
12%
dicen
12%
dijo
12%
final
12%
manos
12%
mientras
12%
pasado
12%
pasar
12%
pueblo
12%
sea
12%
señor
12%
señora
12%
tomar
12%
camino
11%
corazón
11%
cree
11%
dicho
11%
dije
11%
entonces
11%
feliz
11%
gusta
11%
haya
11%
hombres
11%
horas
11%
iba
11%
ido
11%
mayor
11%
mierda
11%
morir
11%
muerte
11%
mujeres
11%
puerta
11%
puta
11%
tierra
11%
veces
11%
cerca
10%
creo
10%
cuerpo
10%
dame
10%
hizo
10%
joven
10%
oh
10%
oye
10%
pasó
10%
podría
10%
pronto
10%
saben
10%
sería
10%
siento
10%
venga
10%
verdad
10%
chicos
9%
difícil
9%
fácil
9%
hice
9%
iré
9%
llegar
9%
loco
9%
meses
9%
mismo
9%
número
9%
parece
9%
primera
9%
problema
9%
viene
9%
basta
8%
chicas
8%
claro
8%
debe
8%
eh
8%
fiesta
8%
igual
8%
momento
8%
pensar
8%
podía
8%
quería
8%
rápido
8%
razón
8%
sabía
8%
seguro
8%
tenido
8%
volver
8%
cuenta
7%
esposa
7%
idea
7%
jefe
7%
justo
7%
listo
7%
manera
7%
minutos
7%
muerto
7%
nueva
7%
parte
7%
paz
7%
problemas
7%
serio
7%
sr
7%
todavía
7%
vino
7%
visto
7%
atrás
6%
bastante
6%
cariño
6%
clase
6%
doctor
6%
escuela
6%
historia
6%
io
6%
misma
6%
policía
6%
realmente
6%
suerte
6%
vaya
6%
acuerdo
5%
deja
5%
dr
5%
forma
5%
fuerte
5%
hubiera
5%
importa
5%
lado
5%
pregunta
5%
punto
5%
queda
5%
ud
5%
crees
4%
debes
4%
debo
4%
demasiado
4%
dólares
4%
guerra
4%
haciendo
4%
haga
4%
importante
4%
juntos
4%
miedo
4%
necesito
4%
querida
4%
sra
4%
última
4%
único
4%
adelante
3%
ayuda
3%
caso
3%
cierto
3%
dejar
3%
dijiste
3%
genial
3%
hiciste
3%
maldita
3%
maldito
3%
necesita
3%
pueda
3%
quizása
3%
sangre
3%
supuesto
3%
tipo
3%
cuidado
2%
debemos
2%
encontrar
2%
espero
2%
haré
2%
sigue
2%
siquiera
2%
vete
2%
vuelta
2%
vuelve
2%
capitán
1%
conozco
1%
culpa
1%
debería
1%
déjame
1%
entiendo
1%
espara
1%
gustaría
1%
hacerlo
1%
pensé
1%
posible
1%
realidad
1%
suficiente
1%
supongo
1%
calquier
0%
deberías
0%
hablando
0%
personsas
0%
significa
0%
srta
0%
No se encontraron pruebas coincidentes
Distribución de puntuación
Porcentaje de gente con cada puntuación
Porcentaje por número respondido
Historial de tus puntuaciones
No has intentado esta prueba.